000 00495nam a2200205Ia 4500
003 OSt
005 20230420144728.0
008 210423s1997 xx 000 0 und d
020 _a9780140623512
040 _cAL
041 _aeng
082 _a809.935 DOSF
100 _aDOSTOYEVSKY (Fyodor).
_991103
245 _aCrime and punishment.
260 _aNew Delhi
_bPenguin Books Ltd
_c1997
300 _a434
_bPB
365 _b99
_cINR
906 _aCrime ; punishment.
942 _2ddc
_cBK
999 _c160330
_d160330